Cargando…

Chi-mewinzha : Ojibwe Stories from Leech Lake /

In the first ninety-five years of her life, Dorothy Dora Whipple has seen a lot of history, and in this book that history, along with the endangered Ojibwe language, sees new life. A bilingual record of Dorothy's stories, ranging from personal history to cultural teachings, Chi-mewinzha (long a...

Descripción completa

Detalles Bibliográficos
Autor principal: Whipple, Dorothy Dora, 1919-2016 (Autor)
Otros Autores: Geniusz, Annmarie Fay (Ilustrador), Fairbanks, Brendan (Editor ), Geniusz, Wendy Djinn (Editor )
Formato: Electrónico eBook
Idioma:Inglés
Ojibwa
Publicado: London : University of Minnesota Press, [2015]
Colección:Book collections on Project MUSE.
Temas:
Acceso en línea:Texto completo

MARC

LEADER 00000cam a22000004a 4500
001 musev2_43015
003 MdBmJHUP
005 20230905044514.0
006 m o d
007 cr||||||||nn|n
008 151109s2015 mnu o 00 0 eng d
020 |a 9781452944661 
020 |z 9780816697267 
020 |z 1452944660 
035 |a (OCoLC)928387352 
040 |a MdBmJHUP  |c MdBmJHUP 
041 0 |a eng  |a oji 
100 1 |a Whipple, Dorothy Dora,  |d 1919-2016,  |e author. 
245 1 0 |a Chi-mewinzha :   |b Ojibwe Stories from Leech Lake /   |c Dorothy Dora Whipple, Mezinaashiikwe ; edited by Wendy Makoons Geniusz and Brendan Fairbanks ; illustrations by Annmarie Geniusz. 
264 1 |a London :  |b University of Minnesota Press,  |c [2015] 
264 3 |a Baltimore, Md. :  |b Project MUSE,   |c 2015 
264 4 |c ©[2015] 
300 |a 1 online resource (112 pages):   |b illustrations, portraits 
336 |a text  |b txt  |2 rdacontent 
337 |a computer  |b c  |2 rdamedia 
338 |a online resource  |b cr  |2 rdacarrier 
505 0 |a Introduction -- Editors' Remarks -- Ogii-waabamaawaan Chi-ozagaskwaajimen -- "They Saw a Big Leech" -- Bagijigeyan Asemaa -- "When You Make a Tobacco Offering" -- Ziigwan, Niibin, Dagwaagin, Biboon -- "Spring, Summer, Fall, Winter" (Version 1) -- Ziigwan, Niibin, Dagwaagin, Biboon -- "Spring Summer, Fall, Winter" (Version 2) -- Iskigamizigeng -- "Boiling Sap" -- Ji-bagijiged O-miigaazod -- "To Make an Offering When He Goes to War" -- Agoodweiwin -- "Snaring" -- Gii-pi-bajiishka'ondwaa -- "When They Came to Give Them Shots" -- Gii-twaashin Mikwamiing -- "He Fell through the Ice" -- Shut Up! -- "Shut Up!" -- Bagida'waang Zaaga'iganiing -- "Fishing with a Net on a Lake" -- Wii-maji-doodawaad Awiiya A'aw Gookooko'oo -- "When the Owl Treated Someone Bad" -- Agoodweng Waaboozoon -- "Snaring a Rabbit" -- Manoominike-zaaga'igan -- Rice Lake -- Gii-maazhendam Gii-nanawizid -- "He Was Upset When He Was Empty-Handed" -- Ogii-miigaadaanaawaa I'iw Waazakonenjigan Imaa Atood Miinawaa Iw aazhogan -- "They Fought to Have That Stoplight and Bridge Put In" -- Imbiindaakoojige Imaa Asiniing -- "I Made an Offering There on the Rock" -- Makwa Ingii-pimaaji'ig -- "Bear Saved My Life" -- Notes on Orthography -- Transcription Notes -- Glossary. 
520 |a In the first ninety-five years of her life, Dorothy Dora Whipple has seen a lot of history, and in this book that history, along with the endangered Ojibwe language, sees new life. A bilingual record of Dorothy's stories, ranging from personal history to cultural teachings, Chi-mewinzha (long ago) presents this venerable elder's words in the original Ojibwe, painstakingly transcribed, and in English translation to create an invaluable resource for learning this cherished language. The events of Dorothy Dora Whipple's life resonate with Ojibwe life and culture through the twentieth century, from tales of growing up among the Anishinaabeg of the Leech Lake Reservation in the 1920s and 1930s to an account of watching an American Indian Movement protest in Minneapolis during the 1970s. In between, we encounter modern dilemmas (like trying to find a place to make a tobacco offering in an airport) and traditional stories (such as the gigantic beings who were seen in the water chi-mewinzha). Dorothy's own recollections--sometimes amusing, sometimes poignant--offer insight into the daily realities, both intimate and emblematic, of Native American life. Dorothy remembers an older sister coming home from boarding school, no longer speaking Ojibwe--and no longer able to communicate with her siblings. This collection resists such a fate, sharing the language so critical to a people's identity and offering a key text to those who would learn, preserve, and speak Ojibwe. 
546 |a Text in English and in Ojibwa. 
588 |a Description based on print version record. 
600 1 7 |a Whipple, Dorothy Dora,  |d 1919-2016  |2 fast  |0 (OCoLC)fst01947018 
600 1 0 |a Whipple, Dorothy Dora,  |d 1919-2016. 
650 7 |a Ojibwa language.  |2 fast  |0 (OCoLC)fst01045116 
650 7 |a Ojibwa Indians  |x Social life and customs.  |2 fast  |0 (OCoLC)fst01045104 
650 7 |a Ojibwa Indians.  |2 fast  |0 (OCoLC)fst01045067 
650 7 |a Manners and customs.  |2 fast  |0 (OCoLC)fst01007815 
650 7 |a SOCIAL SCIENCE  |x Ethnic Studies  |x Native American Studies.  |2 bisacsh 
650 7 |a FICTION  |x Fairy Tales, Folk Tales, Legends & Mythology.  |2 bisacsh 
650 6 |a Ojibwa (Langue)  |v Textes. 
650 6 |a Ojibwa (Indiens)  |x Moeurs et coutumes. 
650 6 |a Ojibwa (Indiens)  |x Histoire. 
650 6 |a Ojibwa (Indiens)  |v Folklore. 
650 0 |a Ojibwa language  |v Texts. 
650 0 |a Ojibwa Indians  |x Social life and customs. 
650 0 |a Ojibwa Indians  |x History. 
650 0 |a Ojibwa Indians  |x Folklore. 
651 7 |a Minnesota  |z Leech Lake Indian Reservation.  |2 fast  |0 (OCoLC)fst01256285 
651 0 |a Leech Lake Indian Reservation (Minn.)  |x Social life and customs. 
651 0 |a Leech Lake Indian Reservation (Minn.)  |x Folklore. 
655 7 |a Texts.  |2 fast  |0 (OCoLC)fst01423705 
655 7 |a History.  |2 fast  |0 (OCoLC)fst01411628 
655 7 |a Folklore.  |2 fast  |0 (OCoLC)fst01423784 
655 7 |a Electronic books.   |2 local 
700 1 |a Geniusz, Annmarie Fay,  |e illustrator. 
700 1 |a Fairbanks, Brendan,  |e editor. 
700 1 |a Geniusz, Wendy Djinn,  |e editor. 
710 2 |a Project Muse.  |e distributor 
830 0 |a Book collections on Project MUSE. 
856 4 0 |z Texto completo  |u https://projectmuse.uam.elogim.com/book/43015/ 
945 |a Project MUSE - Custom Collection 
945 |a Project MUSE - 2015 Native American and Indigenous Studies 
945 |a Project MUSE - 2015 Philosophy and Religion 
945 |a Project MUSE - 2015 Complete